| 000 | 00476nam a2200133Ia 4500 | ||
|---|---|---|---|
| 008 | 200922s9999 xx 000 0 und d | ||
| 020 | _a978-621-8035-67-6 | ||
| 100 | _aDe Leon, Elmer | ||
| 245 |
_cElmer B. De Leon _aAction research for beginners in classroom-based contexts: _ba guide for pre-service and in-service teachers/ |
||
| 260 |
_aManila: _bLorimar Publishing _c2019 |
||
| 300 |
_avi, 136 pages _c25 cm. |
||
| 650 | _aAction research | ||
| 650 | _aEducation -- research | ||
| 999 |
_c364403 _d364403 |
||